Statistics for Guacamole Ingredients

Click here to take the quiz!

General Stats

  • This quiz has been taken 65 times
  • The average score is 6 of 8

Answer Stats

Answer% Correct
Avocado
100%
Salt
87%
Tomato
81%
Pepper
77%
Onion
70%
Lime Juice
64%
Cilantro
47%
Garlic
43%

Score Distribution

Percentile by Number Answered

Percent of People with Each Score

Your Score History

You have not taken this quiz